| 000 | 00614nam a2200193 a 4500 | ||
|---|---|---|---|
| 001 | BRCA_1176 | ||
| 005 | 20190320203321.0 | ||
| 008 | 901121s1989 mx-a---###---#000-0#spa-# | ||
| 040 |
_aDLC _cDLC _dDLC |
||
| 050 | 4 |
_aF1226 _b.C66 1989 |
|
| 100 | 1 |
_aCortina Portilla, Manuel _9755 |
|
| 245 | 1 | 0 |
_aSeis charlas sobre costumbres en México _cManuel Cortina Portilla. |
| 260 |
_aMéxico _bCONSA : Distribuidora Ford _c1989 |
||
| 300 |
_a55 p. _bil. a color _c30 cm. |
||
| 650 | 1 | 4 |
_aPintura mexicana _ySiglo XIX y XX _93885 |
| 651 | 4 |
_aMéxico _xVida social y costumbres _9769 |
|
| 653 | 0 | _aVida cotidiana | |
| 942 |
_2lcc _cB |
||
| 999 |
_c1053 _d1053 |
||